Actor by A-B-C Movies Quiz Stats

Quiz Updated Mar 6, 2013

Challenge
Share
Tweet
Embed
Score 0/35 Timer 07:00
1 Play Today
% Correct
Johnny Depp
94%
Mel Gibson
90.8%
Tom Hanks
90.5%
Adam Sandler
90.1%
Will Ferrell
90%
Ben Affleck
87.6%
Steve Martin
86.7%
Humphrey Bogart
84.2%
Jack Nicholson
84.1%
Tom Cruise
81.3%
Morgan Freeman
81.1%
Martin Lawrence
79.5%
Robin Williams
79.4%
Billy Bob Thornton
77.3%
Samuel L. Jackson
76.6%
Robert De Niro
75.7%
Paul Newman
75.3%
Brad Pitt
74.2%
% Correct
Philip Seymour Hoffman
72.7%
Woody Allen
71.8%
Richard Gere
71.7%
Michael Douglas
69.9%
Michael Caine
67.8%
Clint Eastwood
67.7%
Ryan Gosling
67.4%
Owen Wilson
63.2%
Christopher Walken
61.1%
Steve Buscemi
55.2%
Dennis Hopper
50.7%
Peter Sellers
48.2%
William Hurt
48.2%
Anthony Hopkins
47.5%
Bruce Willis
46.4%
Dustin Hoffman
46.2%
Sean Penn
34.8%

You're not logged in!

Compare scores with friends on all Sporcle quizzes.
Join for Free
OR
Log In

You Might Also Like...

Show Comments

Extras

Top Quizzes Today


Score Distribution

Your Account Isn't Verified!

In order to create a playlist on Sporcle, you need to verify the email address you used during registration. Go to your Sporcle Settings to finish the process.

Report this User

Report this user for behavior that violates our Community Guidelines.

Details: